000 00376nam a22001457a 4500
003 OSt
008 250212b |||||||| |||| 00| 0 eng d
020 _a9789348140791
100 _aARORA, Shakti
245 _aMedical Records Management Using Block Chain
260 _aNew Delhi
_bNaples India:
_c2024.
300 _a90p.
650 _aFaculty Publication
942 _2ddc
_cBK
999 _c13103
_d13103